000
00242nam a2200097Ia 4500
001
1212110
005
20250827024448.0
008
250824s9999 xx 000 0 und d
245
0
_a
ERTUĞRUL GAZİ
_c
MUSTAFA AKGÜN
260
_b
PANAMA YAYINLARI
999
_c
1212110
_d
1212110